01083 a2200181 45000010006000000050017000060080041000230030015000640400040000790800099001192450127002180200018003452640053003633000019004165050432004350410008008671000026008753783520260407155645.0260407a1996 arg spa dAR-UNSa-BCEJYS aAR-UNSa-BCEJYSbspacAR-UNSa-BCEJYS a341.24xActos jurídicos internacionales. Acuerdos internacionales. Tratados internacionales 10aCódigo del MercosurpTratado, Protocolos, Acuerdos, Declaraciones, Decisiones, Resoluciones, Directivas, Recomendaciones a950-9385-41-7 1aBuenos Aires :bEdiciones Ciudad Argentinac1996 a934 p.c24 cm. a1. ¿Qué es el Mercosur? - 2. ¿Por qué es el Mercosur un sistema? - 3. ¿De donde viene el Mercosur? - 4. ¿En que situación se encuentra el Mercosur? - 5. ¿Hacia donde va el Mercosur? - 6. ¿Por qué su normativa compone un código? - 7. ¿Cuál es el alcance del Código del Mercosur como ordenamiento jurídico? - 8. ¿Cuál es la estructura análitica del ordenamiento jurídico del Mercosur? - 9.Normativa aspa1 aDromi, José Roberto